| 000 | 00575nam a2200133Ia 4500 | ||
|---|---|---|---|
| 008 | 170221s9999 xx 000 0 und d | ||
| 100 | _aJason Haen | ||
| 245 | 4 | _aThe relationship between 150-credit hours, accounting credit hours and CPA pass rates | |
| 245 | _cJason Haen, St. Norbert College; Amy Spielbauer-Vandenberg, St. Norbert College; Ariel Bloniarz, St. Norbert College; Amy Diestler, St. Norbert College. | ||
| 260 | _bJournal of Management and Marketing Research | ||
| 260 | _c2011 | ||
| 650 | _xBusiness | ||
| 856 | _uhttp://www.aabri.com/manuscripts/141820.pdf | ||
| 999 |
_c309832 _d309832 |
||